000 00718nam a2200241 i 4500
001 bgj
100 1 _aHALL, Lynn
245 1 0 _aThe Shy Ones /
_cLynn Hall.
260 _aNew York :
_bAvon Books,
_c1977.
300 _a182 pp ;
_c19 cm.
490 1 _aAn Avon Camelot Books
505 _aA shy unhappy fifteen-year-old girl rescues an injured golden retriver, works to help the dog overcome its timidity and conquers her own shyness in the process.
650 9 _aTeenage girls
650 9 _aDogs
655 _aFiction
830 _aAn Avon Camelot Books
020 _a0380017237
040 _cBPK
041 0 _aeng
920 _a0-380-01723-7
942 _cKS
008 s uk f |000 0 eng
999 _c48524
_d48524
856 _uhttp://koha.tu.koszalin.pl/cgi-bin/koha/opac-detail.pl?biblionumber=48524
_yKatalog online BPK